Statistics for Most Populous City By US State On A Map

Click here to take the quiz!

General Stats

  • This quiz has been taken 234 times
  • The average score is 42 of 50

Answers on the Map

Answers color-coded by a green-red scale on the quiz's map according to % correct below.
 

Answer Stats

PopulationCityState% Correct
3,979,000Los AngelesCalifornia
97%
8,336,000New York CityNew York
97%
2,693,000ChicagoIllinois
96%
2,320,000HoustonTexas
96%
651,000Las VegasNevada
96%
390,000New OrleansLouisiana
96%
753,000SeattleWashington
96%
506,000AtlantaGeorgia
95%
1,680,000PhoenixArizona
95%
654,000PortlandOregon
95%
66,000PortlandMaine
95%
692,000BostonMassachusetts
94%
727,000DenverColorado
94%
670,000DetroitMichigan
93%
160,000JacksonMississippi
93%
876,000IndianapolisIndiana
92%
200,000Salt Lake CityUtah
92%
228,000BoiseIdaho
91%
429,000MinneapolisMinnesota
91%
1,584,000PhiladelphiaPennsylvania
91%
898,000ColumbusOhio
90%
495,000Kansas CityMissouri
90%
670,000NashvilleTennessee
90%
655,000Oklahoma CityOklahoma
90%
345,000HonoluluHawaii
89%
911,000JacksonvilleFlorida
89%
560,000AlbuquerqueNew Mexico
87%
593,000BaltimoreMaryland
86%
885,000CharlotteNorth Carolina
86%
197,000Little RockArkansas
86%
590,000MilwaukeeWisconsin
85%
214,000Des MoinesIowa
84%
288,000AnchorageAlaska
83%
478,000OmahaNebraska
83%
209,000BirminghamAlabama
81%
46,000CharlestonWest Virginia
80%
137,000CharlestonSouth Carolina
80%
64,000CheyenneWyoming
80%
617,000LouisvilleKentucky
80%
179,000ProvidenceRhode Island
78%
449,000Virginia BeachVirginia
74%
389,000WichitaKansas
73%
282,000NewarkNew Jersey
72%
183,000Sioux FallsSouth Dakota
70%
124,000FargoNorth Dakota
65%
109,000BillingsMontana
64%
42,000BurlingtonVermont
57%
70,000WilmingtonDelaware
55%
112,000ManchesterNew Hampshire
52%
144,000BridgeportConnecticut
50%

Score Distribution

Percentile by Number Answered

Percent of People with Each Score

Your Score History

You have not taken this quiz